| 000 | 00732nam a2200253Ia 4500 | ||
|---|---|---|---|
| 003 | OSt | ||
| 005 | 20221005084503.0 | ||
| 006 | a|||||r|||| 00| 0 | ||
| 007 | ta | ||
| 008 | 221004b |||||||| |||| 00| 0 eng d | ||
| 024 | _a69331 | ||
| 037 | _cTextual | ||
| 040 |
_aCRL _cCRL _beng |
||
| 041 |
_2eng _aeng |
||
| 082 | _aX4(X8(A)), M5 | ||
| 100 |
_aPerlson Michael R. _9613346 |
||
| 245 | 0 |
_aHow to understand and influence people and organizations _b Practical psychology for goal achievement |
|
| 260 |
_aNew York _bAmacom USA _c1985 |
||
| 300 |
_a290p. _ccm. |
||
| 650 | _a ECONOMICS | ||
| 650 | _aTRANSPORTATION | ||
| 942 |
_hX4(X8(A)), M5 _cTEXL _2cc |
||
| 999 |
_c992658 _d992658 |
||